000 00706nam a22002297a 4500
003 OSt
005 20240530110427.0
008 150325s2007 xxua f 000 0 eng d
020 _a9783833145315
040 _aEG-CaGPL
_cEG-CaGPL
082 0 4 _221
_a743\
_bF A
100 1 _aFeher , Gyorgy
245 1 0 _aAnatomy Drawing School:
_bHuman, Animal, Comparative Anatomy \
_cText by Gyorgy Feher ; Drawing by Andras Szunyoghy
260 _aEngland :
_bh.f. ullmann ,
_c2007.
300 _a603 p. :
_bill. ;
_c32 cm.
650 0 _aAnatomy , Artistis
650 0 _aDrawing
_xStudy and teaching
650 0 _aAnimals in art
700 1 _aSzunyoghy , Andras
942 _2ddc
_cBK
999 _c60773
_d60773